Restitución del cristianismo / (Record no. 170048)

MARC details
000 -LEADER
campo de control de longitud fija 01206nam a2200289 i 4500
001 - NÚMERO DE CONTROL
campo de control 170048
003 - IDENTIFICADOR DE NÚMERO DE CONTROL
campo de control ES-MaACL
005 - FECHA Y HORA DE LA ÚLTIMA TRANSACCIÓN
campo de control 20230906214254.0
008 - DATOS DE LONGITUD FIJA--INFORMACIÓN GENERAL
campo de control de longitud fija 090119s1980 sp ef |||| | spa d
020 ## - NÚMERO INTERNACIONAL ESTÁNDAR DEL LIBRO
Número Internacional Estándar del Libro 84-7392-155-0
080 ## - NÚMERO DE LA CLASIFICACIÓN DECIMAL UNIVERSAL
Número de la Clasificación Decimal Universal 286.12
080 ## - NÚMERO DE LA CLASIFICACIÓN DECIMAL UNIVERSAL
Número de la Clasificación Decimal Universal 28
100 1# - ENTRADA PRINCIPAL--NOMBRE DE PERSONA
Nombre de persona Servet, Miguel.
9 (RLIN) 105862
245 10 - MENCIÓN DEL TÍTULO
Título Restitución del cristianismo /
Mención de responsabilidad, etc. Miguel Servet ; primera traducción castellana de Ángel Alcalá y Luis Betés ; edición, introducción y notas de Ángel Alcalá.
260 ## - PUBLICACIÓN, DISTRIBUCIÓN, ETC.
Lugar de publicación, distribución, etc. Madrid :
Nombre del editor, distribuidor, etc. Fundación Universitaria Española,
Fecha de publicación, distribución, etc. 1980.
300 ## - DESCRIPCIÓN FÍSICA
Extensión 821 p., [34] p. de lám., [1] plano pleg. ;
Dimensiones 24 cm.
490 1# - MENCIÓN DE SERIE
Mención de serie Publicaciones de la Fundación Universitaria Española. Clásicos olvidados ;
Designación de volumen o secuencia 3
500 ## - NOTA GENERAL
Nota general Índices.
504 ## - NOTA DE BIBLIOGRAFÍA, ETC.
Nota de bibliografía, etc. Referencias bibliográficas.
650 #4 - PUNTO DE ACCESO ADICIONAL DE MATERIA--TÉRMINO DE MATERIA
Término de materia o nombre geográfico como elemento de entrada Cristianismo-
Subdivisión de forma Obras de controversia.
9 (RLIN) 11431
700 1# - ENTRADA AGREGADA--NOMBRE PERSONAL
Nombre de persona Alcalá Galve, Ángel.
9 (RLIN) 19463
700 1# - ENTRADA AGREGADA--NOMBRE PERSONAL
Nombre de persona Betés Palomo, Luis.
9 (RLIN) 139200
710 2# - ENTRADA AGREGADA--NOMBRE DE ENTIDAD CORPORATIVA
Nombre de entidad corporativa o nombre de jurisdicción como elemento de entrada Fundación Universitaria Española.
9 (RLIN) 4426
830 1# - PUNTO DE ACCESO ADICIONAL DE SERIE-TÍTULO UNIFORME
Título uniforme Publicaciones de la Fundación Universitaria Española. Clásicos olvidados ;
Designación de volumen o secuencia 3
9 (RLIN) 188920
852 4# - LOCALIZACIÓN
Ubicación ES-MaACL
Número de control de estantería E-12398
Nota libre - Biblioteca Jacinto Martínez Lacalle
Holdings
Estatus retirado Estado de pérdida Estado de daño No para préstamo Biblioteca de origen Biblioteca actual Ubicación en estantería Fecha de adquisición Fuente de adquisición Total de préstamos Signatura topográfica completa Código de barras Visto por última vez Precio de reemplazo Tipo de ítem Koha
        Biblioteca del Ateneo de Madrid Biblioteca del Ateneo de Madrid Depósito 2 19/01/2009     E-12398 1178523 23/02/2023 23/02/2023 Libro impreso